Rare and threatened limbless lizard, barkudia insularis, annandale/ (Record no. 165532)
[ view plain ]
| 000 -LEADER | |
|---|---|
| fixed length control field | 00710nam a22002057a 4500 |
| 005 - DATE AND TIME OF LATEST TRANSACTION | |
| control field | 20190621112759.0 |
| 010 ## - LCCN (DPL NO) | |
| LC control number | B-125694 |
| 020 ## - INTERNATIONAL STANDARD BOOK NUMBER | |
| International Standard Book Number | 9789386223036 |
| Terms of availability | 750.00 |
| 035 ## - SYSTEM CONTROL NUMBER | |
| System control number | EN-109226 |
| 037 ## - SOURCE OF ACQUISITION | |
| Source of stock number/acquisition | DBAD/PUB |
| 082 ## - DEWEY DECIMAL CLASSIFICATION NUMBER | |
| Classification number | 597.9168095485 |
| 100 ## - MAIN ENTRY--PERSONAL NAME | |
| Personal name | Rao, Madireddi V. Subba |
| 245 ## - TITLE STATEMENT | |
| Title | Rare and threatened limbless lizard, barkudia insularis, annandale/ |
| Statement of responsibility, etc | by Madireddi V. Subba Rao [and] B.N Rao |
| 260 ## - PUBLICATION, DISTRIBUTION, ETC. (IMPRINT) | |
| Place of publication, distribution, etc | Delhi |
| Name of publisher, distributor, etc | B.R Publishing Corporation |
| Date of publication, distribution, etc | 2017 |
| 270 ## - ADDRESS | |
| Address | 425, Nimri Colony, Ashok Vihar, Phase-IV, |
| City | Delhi |
| Postal code | 110052 |
| Electronic mail address | brpc@vsnl.com |
| 300 ## - PHYSICAL DESCRIPTION | |
| Extent | xx,96p. |
| Dimensions | 24cm(Hb) |
| Other physical details | ill. |
| 700 ## - ADDED ENTRY--PERSONAL NAME | |
| Personal name | Madireddi V. Subba Rao |
| 700 ## - ADDED ENTRY--PERSONAL NAME | |
| Personal name | B.N. Rao |
| 942 ## - ADDED ENTRY ELEMENTS (KOHA) | |
| Source of classification or shelving scheme | Dewey Decimal Classification |
| Item type | English Books |
| Classification part | 597.9168095485 |
| Call number suffix | RAO |
| Withdrawn status | Lost status | Not for loan | Collection code | Home library | Current library | Date acquired | Source of acquisition | Cost, normal purchase price | Full call number | Barcode | Copy number | Cost, replacement price | Koha item type |
|---|---|---|---|---|---|---|---|---|---|---|---|---|---|
| Non-fiction | Central Library | Central Library | 21/06/2019 | DBAD/PUB | 750.00 | 597.9168095485 RAO | EN-109226 | 1 | 750.00 | English Books |
